| Registos Bibliográficos associados ao registo de autoridade |
|
Etiqueta de registo: 00000nkm 2200025 450 001 2266402 003 http://id.bnportugal.gov.pt/bib/catbnp/2266402 100 ## $a20260213d1988 m y0pory01030103ba 101 0# $apor 102 ## $aPT 200 1# $aEncontro internacional de municípios com centros históricos, Casa da Cultura, Beja,
28 out-1 nove 1988$bVisual gráfico]$fPatrimónio XXI, Câmara Municipais de Beja, Mértola, Serpa e Associação para a Defesa
do Património Cultural da Região de Beja 210 #9 $a[S.l.]$cPatrimónio XXI$cCâmara Municipal de Beja$cCâmara Municipal de Mértola$cCâmara Municipal de Serpa$cAssociação para a Defesa do Património Cultural da Região de Beja,$d1988 215 ## $a1 cartaz$ccolor.$d61,3x43,2cm 317 ## $aColeção Madeira Luís 675 ## $a766(=1:469)"198"(084.5)$vBN$zpor$31302430 710 02 $aPatrimónio XXI - Associação Cultural$3201698 711 01 $aBeja.$bCâmara Municipal$33037 711 01 $aMértola.$bCâmara Municipal$3147305 711 01 $aSerpa.$bCâmara Municipal$316009 711 02 $aAssociação Portuguesa para Protecção e Desenvolvimento da Cultura$31999712 801 #0 $aPT$bBN$gRPC 966 ## $lBN$mICONOG$sCT. 20879 A.$x3 971 ## $cCaticonografia1$d20260213 972 ## $d20260529$e2$vtoliveira$z0 995 ## $aPRR2026 $d20260213$iCaticonografia1
|
|
|